| 000 | 00000nam##2200000za#4500 |
| 001 | 9.643162 |
| 003 | CaOODSP |
| 005 | 20210624224036 |
| 007 | cr ||||||||||| |
| 008 | 150407|2005||||xxc|||||o f|0| 0 fre|d |
| 040 | |aCaOODSP|bfre |
| 043 | |an-cn--- |
| 086 | 1 |aEn164-47/2005F-PDF |
| 110 | 1 |aCanada. |bEnvironnement Canada. |
| 245 | 10|aProgramme binational du lac Supérieur : |h[ressource électronique]|bgrandes lignes en 2005 / |c[co-publié par] l'Environmental Protection Agency. |
| 260 | |aOttawa - Ontario : |bEnvironnement Canada |c[2005]. |
| 300 | |a4p.|bphotographies |
| 590 | |a14-21-Supp|b2014-12-11 |
| 691 | 07|aAccord en matière d'environnement|2gcpds |
| 691 | 07|aQualité de l'eau|2gcpds |
| 775 | 08|tLake Superior Binational Program : |w(CaOODSP)9.699063 |
| 856 | 40|ahttp://publications.gc.ca|qPDF|s809 Ko|uhttps://publications.gc.ca/collections/collection_2014/ec/En164-47-2005-fra.pdf |